000 10071njm0a2200601 4500
001 RU\NLR\ONIZ\263656
005 20250708193242.0
035 _a(NLR Aleph) 012672670
071 0 0 _aМ10 45589-600 003
090 _a13284279
_c13284279
100 _a20210323d1984 |||y0rusy50 ca
102 _aRU
126 _azxaxexu ux
_bxxx
127 _a000270
135 _ahonoannnanndn
200 1 _a32 сонаты для фортепиано в исполнении Артура Шнабеля
_bЗвукозапись
_hКомплект 2
_fЛ. Бетховен
203 _aмузыка
_bисполняемый
_bслуховой
_cаудио
210 _aМосква
_cМелодия
_gВСГ
_eМосква
_d1984
215 _a6 грп. [ГОСТ 5289-80] (270 мин) : 33 об/мин, моно
_d30 см, в конв
300 _aАрхивные записи 1932-1937 гг.
327 1 _a1. Соната № 17 : ре минор : соч. 31 № 2 ;
_a2. Соната № 18 : Ми бемоль мажор : соч. 31 № 3 ;
_a3. Соната № 12 : Ля бемоль мажор : соч. 26 ;
_a4. Соната № 20 : Соль мажор : соч. 49 № 2 ;
_a5. Соната № 23 : "Appassionata" : фа минор : соч. 57 ;
_a6. Соната № 9 : Ми мажор : соч. 14 № 1 ;
_a7. Соната 29 : Си бемоль мажор : соч. 106 ;
_a8. Соната № 22 : Фа мажор : соч. 54 ;
_a9. Соната № 25 : (Сонатина) : Соль мажор : соч. 79 ;
_a10. Соната № 27 : ми минор : соч. 90 ;
_a11. Соната № 30 : Ми мажор : соч. 109 ;
_a12. Соната № 28 : Ля мажор : соч. 101 ;
_a13. Соната № 26 : Ми бемоль мажор : соч. 81а ;
_a14. Соната № 31 : Ля бемоль мажор : соч. 110 ;
_a15. Соната № 21 : "Аврора" : До мажор : соч. 53 ;
_a16. Соната № 32 : до минор : соч. 111
464 0 _12001#$aСоната № 17$eре минор$eсоч. 31 № 2
_1700#1$9z01790$aБетховен$bЛ. ван$gЛюдвиг ван$f1770-1827$4070$7ca
_1702#1$9z02790$aШнабель$bА.$gАртур$cфортепиано$f1882-1951$4590$4kpf
_1790#1$9z01700$aBeethoven$bL. van$gLudwig van$f1770-1827$4070$7ba
_1790#1$9z02702$aSchnabel$bA.$gArtur$f1882-1951$4590$4kpf
_tСоната № 17
_aБетховен, Людвиг ван (1770-1827)
464 0 _12001#$aСоната № 18$eМи бемоль мажор$eсоч. 31 № 3
_1700#1$9z01790$aБетховен$bЛ. ван$gЛюдвиг ван$f1770-1827$4070$7ca
_1702#1$9z02790$aШнабель$bА.$gАртур$cфортепиано$f1882-1951$4590$4kpf
_1790#1$9z01700$aBeethoven$bL. van$gLudwig van$f1770-1827$4070$7ba
_1790#1$9z02702$aSchnabel$bA.$gArtur$f1882-1951$4590$4kpf
_tСоната № 18
_aБетховен, Людвиг ван (1770-1827)
464 0 _12001#$aСоната № 12$eЛя бемоль мажор$eсоч. 26
_1700#1$9z01790$aБетховен$bЛ. ван$gЛюдвиг ван$f1770-1827$4070$7ca
_1702#1$9z02790$aШнабель$bА.$gАртур$cфортепиано$f1882-1951$4590$4kpf
_1790#1$9z01700$aBeethoven$bL. van$gLudwig van$f1770-1827$4070$7ba
_1790#1$9z02702$aSchnabel$bA.$gArtur$f1882-1951$4590$4kpf
_tСоната № 12
_aБетховен, Людвиг ван (1770-1827)
464 0 _12001#$aСоната № 20$eСоль мажор$eсоч. 49 № 2
_1700#1$9z01790$aБетховен$bЛ. ван$gЛюдвиг ван$f1770-1827$4070$7ca
_1702#1$9z02790$aШнабель$bА.$gАртур$cфортепиано$f1882-1951$4590$4kpf
_1790#1$9z01700$aBeethoven$bL. van$gLudwig van$f1770-1827$4070$7ba
_1790#1$9z02702$aSchnabel$bA.$gArtur$f1882-1951$4590$4kpf
_tСоната № 20
_aБетховен, Людвиг ван (1770-1827)
464 0 _12001#$aСоната № 23$e"Appassionata"$eфа минор$eсоч. 57
_1700#1$9z01790$aБетховен$bЛ. ван$gЛюдвиг ван$f1770-1827$4070$7ca
_1702#1$9z02790$aШнабель$bА.$gАртур$cфортепиано$f1882-1951$4590$4kpf
_1790#1$9z01700$aBeethoven$bL. van$gLudwig van$f1770-1827$4070$7ba
_1790#1$9z02702$aSchnabel$bA.$gArtur$f1882-1951$4590$4kpf
_tСоната № 23
_aБетховен, Людвиг ван (1770-1827)
464 0 _12001#$aСоната № 9$eМи мажор$eсоч. 14 № 1
_1700#1$9z01790$aБетховен$bЛ. ван$gЛюдвиг ван$f1770-1827$4070$7ca
_1702#1$9z02790$aШнабель$bА.$gАртур$cфортепиано$f1882-1951$4590$4kpf
_1790#1$9z01700$aBeethoven$bL. van$gLudwig van$f1770-1827$4070$7ba
_1790#1$9z02702$aSchnabel$bA.$gArtur$f1882-1951$4590$4kpf
_tСоната № 9
_aБетховен, Людвиг ван (1770-1827)
464 0 _12001#$aСоната 29$eСи бемоль мажор$eсоч. 106
_1700#1$9z01790$aБетховен$bЛ. ван$gЛюдвиг ван$f1770-1827$4070$7ca
_1702#1$9z02790$aШнабель$bА.$gАртур$cфортепиано$f1882-1951$4590$4kpf
_1790#1$9z01700$aBeethoven$bL. van$gLudwig van$f1770-1827$4070$7ba
_1790#1$9z02702$aSchnabel$bA.$gArtur$f1882-1951$4590$4kpf
_tСоната 29
_aБетховен, Людвиг ван (1770-1827)
464 0 _12001#$aСоната № 22$eФа мажор$eсоч. 54
_1700#1$9z02790$aБетховен$bЛ. ван$gЛюдвиг ван$f1770-1827$4070$7ca
_1702#1$9z03790$aШнабель$bА.$gАртур$cфортепиано$f1882-1951$4590$4kpf
_1790#1$9z02700$aBeethoven$bL. van$gLudwig van$f1770-1827$4070$7ba
_1790#1$9z03702$aSchnabel$bA.$gArtur$f1882-1951$4590$4kpf
_tСоната № 22
_aБетховен, Людвиг ван (1770-1827)
464 0 _12001#$aСоната № 25$e(Сонатина)$eСоль мажор$eсоч. 79
_1700#1$9z01790$aБетховен$bЛ. ван$gЛюдвиг ван$f1770-1827$4070$7ca
_1702#1$9z02790$aШнабель$bА.$gАртур$cфортепиано$f1882-1951$4590$4kpf
_1790#1$9z01700$aBeethoven$bL. van$gLudwig van$f1770-1827$4070$7ba
_1790#1$9z02702$aSchnabel$bA.$gArtur$f1882-1951$4590$4kpf
_tСоната № 25
_aБетховен, Людвиг ван (1770-1827)
464 0 _12001#$aСоната № 27$eми минор$eсоч. 90
_1700#1$9z01790$aБетховен$bЛ. ван$gЛюдвиг ван$f1770-1827$4070$7ca
_1702#1$9z02790$aШнабель$bА.$gАртур$cфортепиано$f1882-1951$4590$4kpf
_1790#1$9z01700$aBeethoven$bL. van$gLudwig van$f1770-1827$4070$7ba
_1790#1$9z02702$aSchnabel$bA.$gArtur$f1882-1951$4590$4kpf
_tСоната № 27
_aБетховен, Людвиг ван (1770-1827)
464 0 _12001#$aСоната № 30$eМи мажор$eсоч. 109
_1700#1$9z01790$aБетховен$bЛ. ван$gЛюдвиг ван$f1770-1827$4070$7ca
_1702#1$9z02790$aШнабель$bА.$gАртур$cфортепиано$f1882-1951$4590$4kpf
_1790#1$9z01700$aBeethoven$bL. van$gLudwig van$f1770-1827$4070$7ba
_1790#1$9z02702$aSchnabel$bA.$gArtur$f1882-1951$4590$4kpf
_tСоната № 30
_aБетховен, Людвиг ван (1770-1827)
464 0 _12001#$aСоната № 28$eЛя мажор$eсоч. 101
_1700#1$9z01790$aБетховен$bЛ. ван$gЛюдвиг ван$f1770-1827$4070$7ca
_1702#1$9z02790$aШнабель$bА.$gАртур$cфортепиано$f1882-1951$4590$4kpf
_1790#1$9z01700$aBeethoven$bL. van$gLudwig van$f1770-1827$4070$7ba
_1790#1$9z02702$aSchnabel$bA.$gArtur$f1882-1951$4590$4kpf
_tСоната № 28
_aБетховен, Людвиг ван (1770-1827)
464 0 _12001#$aСоната № 26$eМи бемоль мажор$eсоч. 81а
_1700#1$9z01790$aБетховен$bЛ. ван$gЛюдвиг ван$f1770-1827$4070$7ca
_1702#1$9z02790$aШнабель$bА.$gАртур$cфортепиано$f1882-1951$4590$4kpf
_1790#1$9z01700$aBeethoven$bL. van$gLudwig van$f1770-1827$4070$7ba
_1790#1$9z02702$aSchnabel$bA.$gArtur$f1882-1951$4590$4kpf
_tСоната № 26
_aБетховен, Людвиг ван (1770-1827)
464 0 _12001#$aСоната № 31$eЛя бемоль мажор$eсоч. 110
_1700#1$9z01790$aБетховен$bЛ. ван$gЛюдвиг ван$f1770-1827$4070$7ca
_1702#1$9z02790$aШнабель$bА.$gАртур$cфортепиано$f1882-1951$4590$4kpf
_1790#1$9z01700$aBeethoven$bL. van$gLudwig van$f1770-1827$4070$7ba
_1790#1$9z02702$aSchnabel$bA.$gArtur$f1882-1951$4590$4kpf
_tСоната № 31
_aБетховен, Людвиг ван (1770-1827)
464 0 _12000#$aСоната № 21$e"Аврора"$eДо мажор$eсоч. 53
_1700#1$9z01790$aБетховен$bЛ. ван$gЛюдвиг ван$f1770-1827$4070$7ca
_1702#1$9z02790$aШнабель$bА.$gАртур$cфортепиано$f1882-1951$4590$4kpf
_1790#1$9z01700$aBeethoven$bL. van$gLudwig van$f1770-1827$4070$7ba
_1790#1$9z02702$aSchnabel$bA.$gArtur$f1882-1951$4590$4kpf
_tСоната № 21
_aБетховен, Людвиг ван (1770-1827)
464 0 _12001#$aСоната № 32$eдо минор$eсоч. 111
_1700#1$9z01790$aБетховен$bЛ. ван$gЛюдвиг ван$f1770-1827$4070$7ca
_1702#1$9z02790$aШнабель$bА.$gАртур$cфортепиано$f1882-1951$4590$4kpf
_1790#1$9z01700$aBeethoven$bL. van$gLudwig van$f1770-1827$4070$7ba
_1790#1$9z02702$aSchnabel$bA.$gArtur$f1882-1951$4590$4kpf
_tСоната № 32
_aБетховен, Людвиг ван (1770-1827)
500 0 0 _aСонаты (32) для фортепиано
_bЗвукозапись
_rфортепиано
606 1 _aСонаты для фортепиано
_yГермания
_z18-19 вв.
_jЗвукозапись
_2nlr_sh
686 0 _aЩ954.2-041я44(4Г)
700 1 _9z01790
_aБетховен
_bЛ. ван
_f1770-1827
_gЛюдвиг ван
_4230
_7ca
702 1 _9z02790
_aШнабель
_bА.
_cфортепиано
_f1882-1951
_gАртур
_4590
_4kfp
790 1 _9z01700
_aBeethoven
_bL. van
_f1770-1827
_gLudwig van
_4230
_7ba
790 1 _9z02702
_aSchnabel
_bA.
_f1882-1951
_gArtur
_4590
_4kfp
801 0 _aRU
_bNLR
_c20210323
_gPSBO
801 1 _aRU
_bNLR
_c20210323
_2rusmarc
801 2 _aRU
_bNLR
_c20210809
852 _aNLR
_bМг
_j3/7266[2(1-6)]
_p30098-30103
_t1
942 _cREC
980 _aNB
980 _aONIZ